000 00543nam a2200193Ia 4500
003 IN-BaIIA
008 211028s9999 xx 000 0 eng d
020 _a8053-9103-7
040 _cIIA Library
080 _a521.1
_bSTE-2
100 _aSternberg, Shlomo
_96956
245 0 _aCelestial mechanics
_bpt. 2
_cShlomo Stenberg
260 _aNew York
_bW. A. Benjamin
_c1969
300 _axvii, 304p.
490 _aMathematics lecture note series
650 _aAstronomy and astrophysics thesaurus
650 _aCelestial mechanics
942 _cBK
999 _c3908
_d3908